Statistics for Premier League Nationalities

Click here to take the quiz!

General Stats

  • This quiz has been taken 253 times
  • The average score is 51 of 66

Answer Stats

#PlayerCountry% Correct
166Harry Kane (*)England
100%
15Sergio AgüeroArgentina
99%
20Gabriel JesusBrazil
99%
30Paul PogbaFrance
99%
35David de GeaSpain
99%
17Kevin de BruyneBelgium
98%
17Shane DuffyIreland
98%
19Virgil van DijkNetherlands
98%
11Aaron Ramsey (*)Wales
97%
10Christian EriksenDenmark
96%
14Bernardo SilvaPortugal
96%
11Andrew Robertson (*)Scotland
96%
13Leroy SanéGermany
95%
9JorginhoItaly
95%
6Granit XhakaSwitzerland
95%
3Mohamed SalahEgypt
94%
4Nemanja MatićSerbia
94%
3Victor LindelöfSweden
94%
6Wilfred NdidiNigeria
92%
2Riyad MahrezAlgeria
91%
2Alexis SánchezChile
91%
3SokratisGreece
91%
3Gylfi SigurðssonIceland
91%
6Sadio ManéSenegal
91%
4Marko ArnautovićAustria
89%
5Davidson SánchezColombia
89%
2Mateo KovačićCroatia
89%
2Son Heung-minSouth Korea
89%
2ChicharitoMexico
88%
2Andriy YarmolenkoUkraine
86%
3Jonny Evans (*)Northern Ireland
85%
2Aaron MooyAustralia
84%
3Joel MatipCameroon
83%
5DeAndre YedlinUnited States
83%
5Eric BaillyCôte d'Ivoire
82%
2Cenk TosunTurkey
81%
3Pierre-Emerick AubameyangGabon
79%
3Romain SaïssMorocco
78%
2Lucas TorreiraUruguay
78%
2Sead KolašinacBosnia and Herzegovina
77%
4Mohamed ElyounoussiNorway
77%
2Chris WoodNew Zealand
75%
1Martin DubravkaSlovakia
74%
3Jan BednarekPoland
73%
1Antonio ValenciaEcuador
72%
5Jeffrey SchluppGhana
69%
3Yoshinori MutiJapan
69%
1Henrikh MkhitaryanArmenia
67%
2Matej VydraCzech Republic
67%
1Junior HoilettCanada
65%
1Jon Gorenc-StankovićSlovenia
64%
2José Salomón RondónVenezuela
63%
1Alireza JahanbakhshIran
60%
2Wes MorganJamaica
59%
4Arthur MasuakuD.R. Congo
56%
2Naby KeïtaGuinea
56%
1Victor WanyamaKenya
55%
2Yves BissoumaMali
55%
1Florin AndoneRomania
55%
1Yohan BenalouaneTunisia
53%
1Fabián BalbuenaParaguay
48%
1Arijanet MuricKosovo
40%
1Biram KayalIsrael
33%
1Floyd AyitéTogo
30%
1Steve MouniéBenin
28%
1Neil EtheridgePhilippines
23%

Score Distribution

Percentile by Number Answered

Percent of People with Each Score

Your Score History

You have not taken this quiz